Statistics for Countries that Produce the Most Walnuts

Click here to take the quiz!

General Stats

  • This quiz has been taken 28 times
  • The average score is 6 of 8

Answer Stats

metric tons % world production country % Correct
227.20734%United States
100%
212.00032%China
96%
30.0005%Turkey
91%
15.5053%India
91%
39.6006%Iran
65%
16.7203%France
61%
38.0006%Ukraine
39%
32.5005%Chile
30%

Score Distribution

Percentile by Number Answered

Percent of People with Each Score

Your Score History

You have not taken this quiz